000
00253nam a2200097Ia 4500
008
200302s9999 xx 000 0 und d
100
_a
Author
245
_a
Architecture & Design World Review
260
_b
A Professional Creative Resource
300
_a
400 P.,
999
_c
5021
_d
5021